000 00500nam a2200169 i 4500
001 36833
003 ES-MaACL
005 20230906155442.0
007 t|
008 030219s1971 sp ||||1| spa d
100 1 _aBulloch, Edward.
_932514
245 1 3 _aEl control económico y financiero de la empresa /
_cEdward Bulloch ; [traductor: Diorki].
260 _aMadrid :
_bIbérico Europea,
_c[1971]
300 _a140 p. ;
_c21 cm.
710 2 _aDiorki.
_93392
852 _aES-MaACL
_jC-46414
_bR.76502
999 _c36833
_d36833